Oklahoma City Thunder Playoffs Starters - Statistics

General Stats
  • This quiz has been taken 287 times
    88 since last reset
  • The average score is 26 of 71
Answer Stats
Player % Correct
Shai Gilgeous-Alexander
100%
Kevin Durant
98%
Russell Westbrook
98%
Chet Holmgren
97%
Gus Williams
97%
Jalen Williams
97%
Isaiah Hartenstein
89%
Luguentz Dort
89%
Paul George
89%
Serge Ibaka
89%
Chris Paul
86%
Steven Adams
86%
Gary Payton
83%
Shawn Kemp
76%
Kendrick Perkins
68%
Ray Allen
68%
Sam Perkins
68%
Josh Giddey
65%
Dennis Johnson
57%
Eddie Johnson
57%
Ervin Johnson
57%
John Johnson
57%
Thabo Sefolosha
56%
Andre Roberson
54%
Carmelo Anthony
54%
Jack Sikma
51%
Detlef Schrempf
44%
Rashard Lewis
43%
Reggie Jackson
43%
Victor Oladipo
37%
Horace Grant
35%
Jerami Grant
35%
Dale Ellis
30%
Terrance Ferguson
30%
Jeff Green
29%
Fred Brown
27%
Spencer Haywood
25%
Danilo Gallinari
22%
Tom Chambers
19%
Hersey Hawkins
17%
Nate McMillan
16%
Xavier McDaniel
16%
Jerome James
14%
Vin Baker
14%
David Thompson
13%
Luke Ridnour
11%
Brent Barry
10%
Desmond Mason
8%
Lonnie Shelton
8%
Taj Gibson
8%
Al Wood
6%
Kendall Gill
6%
Marvin Webster
6%
Michael Cage
6%
Nenad Krstić
6%
Paul Silas
6%
Ricky Pierce
6%
Alton Lister
5%
Corey Brewer
5%
Reggie Evans
5%
Slick Watts
5%
Derrick McKey
3%
Sedale Threatt
3%
Tom Burleson
3%
Benoit Benjamin
2%
Bill Hanzlik
2%
Bruce Seals
2%
Danny Vranes
2%
Jerome Kersey
2%
Leonard Gray
2%
Willie Norwood
2%
No matching quizzes found
Score Distribution
Percent of People with Each Score
Percentile by Number Answered
Your Score History
You have not taken this quiz since the last reset